[Event "Budapest FS08 GM"]
[Site "Budapest"]
[Date "2015.08.04"]
[Round "4"]
[White "Berczes, David"]
[Black "Rajlich, Iweta"]
[Result "1-0"]
[WhiteElo "2501"]
[BlackElo "2392"]
[PlyCount "87"]
[EventDate "2015.08.01"]
[EventType "tourn"]
[EventRounds "9"]
[EventCountry "HUN"]
[EventCategory "6"]
[SourceTitle "CBM 167 Extra"]
[Source "ChessBase"]
[SourceDate "2015.09.14"]
[SourceVersion "1"]
[SourceVersionDate "2015.09.14"]
[SourceQuality "1"]

1. c4 g6 2. g3 Bg7 3. Bg2 e6 4. Nf3 d5 5. d4 c6 6. 0-0 Nd7 7. Bf4 Ne7 8. Nc3 0-0 9. Qc1 Nf5 10. Rd1 Qe7 11. e4 Nxd4 12. Nxd4 e5 13. Bg5 f6 14. Ne6 Qxe6 15. exd5 Qf5 16. Be3 c5 17. h3 Qh5 18. Ne4 f5 19. g4 fxg4 20. Ng3 Qh4 21. Bg5 Bh6 22. Bxh4 Bxc1 23. Raxc1 Nf6 24. Bxf6 Rxf6 25. h4 Bf5 26. d6 Rd8 27. Bxb7 Rfxd6 28. Re1 Rd2 29. Rxe5 Rxb2 30. Bd5+ Kh8 31. Nxf5 gxf5 32. Rce1 f4 33. Re8+ Rxe8 34. Rxe8+ Kg7 35. Rg8+ Kf6 36. Rxg4 Ke5 37. Rg7 Rxa2 38. Rxh7 Ra6 39. h5 Kf5 40. Kg2 Kg5 41. Rc7 Ra5 42. Bf3 Kh6 43. Rc6+ Kg7 44. h6+ 1-0